[Event "ch-FRA Blitz Online Qual"]
[Site "Europe-Chess INT"]
[Date "2020.05.16"]
[Round "11"]
[White "Fardet, Elouan"]
[Black "Spagnoli, Benjamin"]
[Result "0-1"]
[WhiteElo "2163"]
[BlackElo "1770"]
[WhiteFideId "45163596"]
[BlackFideId "20667116"]
[EventDate "2020.05.16"]

1. e4 c5 2. Nf3 d6 3. d4 cxd4 4. Nxd4 Nf6 5. Nc3 g6 6. Be3 Bg7 7. f3 Nc6 8. Qd2
O-O 9. Bc4 Bd7 10. O-O-O Rb8 11. Bb3 Ne5 12. h4 h5 13. Kb1 b5 14. Bh6 Nc4 15.
Bxc4 bxc4 16. Ka1 Qb6 17. b3 cxb3 18. cxb3 Rbc8 19. Bxg7 Kxg7 20. Nde2 Qa5 21.
Kb2 Be6 22. Rc1 Qb4 23. g4 Rh8 24. g5 Nd7 25. f4 Nc5 26. Qd4+ Qxd4 27. Nxd4 Nd3+
28. Kb1 Nxc1 29. Rxc1 Rc5 30. Kb2 Rhc8 31. Nce2 Bg4 32. Rxc5 Rxc5 33. Nc3 e5 34.
fxe5 dxe5 35. Ndb5 a6 36. Nd6 Rc6 37. Ne8+ Kf8 38. Nf6 Kg7 39. Ncd5 Bf3 40. b4
Rc4 0-1

[Event "ch-FRA Blitz Online Qual"]
[Site "Europe-Chess INT"]
[Date "2020.05.16"]
[Round "11"]
[White "Bellaiche, Elise"]
[Black "Redjem, Mohamed"]
[Result "1-0"]
[WhiteTitle "WFM"]
[WhiteElo "2036"]
[BlackElo "1777"]
[WhiteFideId "696366"]
[BlackFideId "20608128"]
[EventDate "2020.05.16"]

1. e4 d5 2. exd5 Qxd5 3. Nc3 Qa5 4. d4 Nf6 5. Nf3 c6 6. Bd2 Bg4 7. Be2 Nbd7 8.
O-O e6 9. h3 Bxf3 10. Bxf3 Qc7 11. Re1 Be7 12. Bg5 h6 13. Bxf6 Nxf6 14. Ne4 O-O
15. Qe2 Rad8 16. Rad1 Rfe8 17. c3 Nd5 18. Qc2 Qf4 19. a4 a5 20. Nd2 c5 21. Nf1
b6 22. Bxd5 exd5 23. Qb3 Qd6 24. Qb5 c4 25. Ne3 Bg5 26. Nf5 Qd7 27. Qxd7 Rxe1+
28. Rxe1 Rxd7 29. Ne3 Kf8 30. g4 Re7 31. Kg2 Ke8 32. Kf3 Kd7 33. Re2 Kc6 34. Kg3
Re4 35. h4 Bf4+ 36. Kf3 g6 37. h5 g5 38. Nf5 Rxe2 39. Kxe2 Kd7 40. Nxh6 Ke6 41.
Nf5 Kf6 42. Ne3 Kg7 43. Nxd5 Bc1 44. Nxb6 Bxb2 45. Nxc4 Bxc3 46. d5 Kf6 47. Kd3
Bb4 48. d6 Ke6 49. h6 Kf6 50. d7 Be7 51. Nxa5 1-0

[Event "ch-FRA Blitz Online Qual"]
[Site "Europe-Chess INT"]
[Date "2020.05.16"]
[Round "11"]
[White "Djidjeli, Sarah"]
[Black "Galhaud, Jean-Philippe"]
[Result "1-0"]
[WhiteElo "2074"]
[BlackElo "1749"]
[WhiteFideId "36067474"]
[BlackFideId "26001349"]
[EventDate "2020.05.16"]

1. e4 c5 2. Nf3 Nc6 3. Bb5 g6 4. c3 Bg7 5. d4 cxd4 6. cxd4 Qb6 7. Nc3 Nxd4 8.
Nd5 Nxf3+ 9. Qxf3 Qd6 10. O-O e6 11. Bf4 e5 12. Bd2 a6 13. Bb4 Qxb4 14. Nxb4
axb5 15. Nd5 d6 16. Nc7+ 1-0

[Event "ch-FRA Blitz Online Qual"]
[Site "Europe-Chess INT"]
[Date "2020.05.16"]
[Round "11"]
[White "Le Brech, Cyril"]
[Black "Rouast, Joseph"]
[Result "0-1"]
[WhiteElo "1986"]
[BlackElo "1808"]
[WhiteFideId "20675186"]
[BlackFideId "45147000"]
[EventDate "2020.05.16"]

1. e4 c5 2. d4 cxd4 3. c3 Nf6 4. e5 Nd5 5. cxd4 e6 6. Nc3 Bb4 7. Bd2 Bxc3 8.
bxc3 d6 9. exd6 Qxd6 10. Bd3 Nd7 11. Nf3 O-O 12. O-O N7f6 13. Rc1 b6 14. Bg5 h6
15. Bh4 a5 16. Bg3 Qe7 17. Re1 Rd8 18. Bb1 Bb7 19. Ne5 Rac8 20. c4 Nb4 21. Ng4
Nxg4 22. Qxg4 Qg5 23. Qxg5 hxg5 24. Red1 Nc6 25. d5 exd5 26. cxd5 Na7 27. d6
Rxc1 28. Rxc1 Nb5 29. h3 Kf8 30. Rd1 Nc3 31. Re1 Bd5 32. a3 Bc4 33. Be5 Nxb1 34.
Rxb1 f6 35. Bg3 b5 36. f3 Kf7 37. Kf2 Ke6 38. Ke3 Rc8 39. h4 gxh4 40. Bxh4 Kxd6
41. Bg3+ Ke6 42. Rh1 Bd5 43. Ra1 Rc2 44. Bf2 Bc4 45. Bg1 Rxg2 46. Kd4 Rg3 47.
Ke3 Rg2 48. Bf2 g6 49. Rc1 g5 50. a4 Kd5 51. axb5 Bxb5 52. Ra1 a4 53. Rb1 Kc4
54. Be1 Rc2 55. Rb4+ Kc5 56. Rb1 Re2# 0-1

[Event "ch-FRA Blitz Online Qual"]
[Site "Europe-Chess INT"]
[Date "2020.05.16"]
[Round "11"]
[White "Laville, Renaud"]
[Black "Lambach, Maxime"]
[Result "1-0"]
[WhiteElo "1774"]
[BlackElo "1980"]
[WhiteFideId "640247"]
[BlackFideId "36056880"]
[EventDate "2020.05.16"]

1. d4 d5 2. Bf4 c5 3. e3 Nc6 4. c3 Nf6 5. Nd2 Bf5 6. Ngf3 e6 7. Bb5 Qb6 8. Qa4
Be7 9. O-O O-O 10. Bxc6 bxc6 11. Ne5 Rfc8 12. dxc5 Qxb2 13. Nxc6 Bxc5 14. Nb3
Bf8 15. Ncd4 Bg6 16. h3 Rxc3 17. Nb5 Rc4 18. Qa5 a6 19. Nc7 Bb4 20. Qb6 Rc8 21.
Nxa6 Be7 22. Qb7 Bf8 23. Qa7 Ra4 24. Qb7 Ra8 25. Nc7 R8a7 26. Qc8 e5 27. Bg5
Rxa2 28. Rxa2 Rxa2 29. Bxf6 gxf6 30. Nxd5 Qxb3 31. Nxf6+ Kg7 32. Ne8+ Kh8 33.
Nf6 Qb4 34. Nd7 Kg7 35. Nxf8 Qxf8 36. Qg4 Rb2 37. h4 h5 38. Qg5 Qb4 39. Qxe5+
Kh7 40. Qf6 Rd2 41. Rc1 Qb2 42. Rc8 Qb1+ 43. Kh2 Qf5 44. Rh8# 1-0

[Event "ch-FRA Blitz Online Qual"]
[Site "Europe-Chess INT"]
[Date "2020.05.16"]
[Round "11"]
[White "Perrin, Antoine"]
[Black "Dubois, Herve"]
[Result "0-1"]
[WhiteElo "1967"]
[BlackElo "1836"]
[WhiteFideId "45127255"]
[BlackFideId "636460"]
[EventDate "2020.05.16"]

1. e4 c5 2. Nf3 d6 3. d4 cxd4 4. Nxd4 Nf6 5. Nc3 a6 6. f3 e5 7. Nb3 Be6 8. Be3
Be7 9. Qd2 Nbd7 10. O-O-O O-O 11. g4 Nb6 12. Kb1 Nfd7 13. h4 Rc8 14. g5 Bc4 15.
Qe1 Bxf1 16. Rxf1 Nc4 17. Bc1 Ndb6 18. f4 Qc7 19. Rf2 Na3+ 20. Ka1 Nb5 21. Nxb5
axb5 22. f5 f6 23. g6 Na4 24. Qe2 Nc5 25. Nxc5 Qxc5 26. Be3 Qc4 27. Qh5 h6 28.
Bxh6 Ra8 29. b3 Qc3+ 30. Kb1 Rxa2 31. Bc1 Ra1# 0-1

[Event "ch-FRA Blitz Online Qual"]
[Site "Europe-Chess INT"]
[Date "2020.05.16"]
[Round "11"]
[White "Gretry, Patrice"]
[Black "Tulliez, Andre"]
[Result "1-0"]
[WhiteElo "2017"]
[BlackElo "1777"]
[WhiteFideId "624675"]
[BlackFideId "45107181"]
[EventDate "2020.05.16"]

1. e4 c5 2. Nf3 d6 3. d4 cxd4 4. Nxd4 Nf6 5. Nc3 a6 6. Be3 e5 7. Nb3 Be6 8. f3
h5 9. Qd2 Nbd7 10. O-O-O Be7 11. g3 Rc8 12. Kb1 Qc7 13. Be2 b5 14. f4 b4 15. Nd5
Bxd5 16. exd5 Nb6 17. fxe5 dxe5 18. d6 Bxd6 19. Bxa6 Ra8 20. Bb5+ Ke7 21. Qf2
Nc4 22. Bxc4 Qxc4 23. Bg5 Rhd8 24. Rhf1 Qe6 25. Rfe1 Ra7 26. Qxa7+ Rd7 27. Qf2
Kf8 28. Nd4 Qg4 29. Bxf6 gxf6 30. Nf5 1-0

[Event "ch-FRA Blitz Online Qual"]
[Site "Europe-Chess INT"]
[Date "2020.05.16"]
[Round "11"]
[White "Sere, Nicolas"]
[Black "Zienkiewicz, Jan"]
[Result "0-1"]
[WhiteElo "1753"]
[BlackElo "1914"]
[WhiteFideId "36014320"]
[BlackFideId "45116768"]
[EventDate "2020.05.16"]

1. e4 c5 2. Nf3 Nc6 3. d4 cxd4 4. Nxd4 e5 5. Nb5 d6 6. N1c3 a6 7. Na3 b5 8. Nd5
Nge7 9. c3 Be6 10. Nc2 Bxd5 11. exd5 Nb8 12. Be2 g6 13. O-O Bg7 14. f4 O-O 15.
Be3 Nd7 16. Nb4 Nf5 17. Qd2 Nf6 18. fxe5 dxe5 19. Bc5 Ne4 20. Nc6 Nxd2 21. Nxd8
Rfxd8 22. Rfd1 Ne4 23. Bf3 Nxc5 24. d6 Ra7 25. Rd5 Ne6 26. Rad1 Rad7 27. Bg4
Rxd6 28. Rxd6 Rxd6 29. Rxd6 Nxd6 0-1

[Event "ch-FRA Blitz Online Qual"]
[Site "Europe-Chess INT"]
[Date "2020.05.16"]
[Round "11"]
[White "Courbi, Stephane"]
[Black "Pichon, Ewen"]
[Result "0-1"]
[WhiteElo "1955"]
[BlackElo "1821"]
[WhiteFideId "647462"]
[BlackFideId "45155593"]
[EventDate "2020.05.16"]

1. e4 e5 2. Nf3 Nc6 3. Bb5 a6 4. Ba4 Nf6 5. O-O b5 6. Bb3 Be7 7. Re1 O-O 8. d4
d6 9. c3 Bg4 10. Be3 Na5 11. Bc2 c5 12. h3 Be6 13. d5 Bd7 14. Nbd2 Re8 15. b3
Bf8 16. Nf1 g6 17. Ng3 Bg7 18. Nh2 c4 19. b4 Nb7 20. Rf1 a5 21. a3 axb4 22. axb4
Rxa1 23. Qxa1 Qa8 24. Qb2 Qc8 25. Ra1 h5 26. Ra7 h4 27. Ne2 Nh5 28. Bd1 f5 29.
f3 f4 30. Bf2 Ng3 31. Nf1 Nd8 32. Qa2 Bxh3 33. Ra8 Qd7 34. gxh3 Qxh3 35. Qa5
Qh1# 0-1

[Event "ch-FRA Blitz Online Qual"]
[Site "Europe-Chess INT"]
[Date "2020.05.16"]
[Round "11"]
[White "Partac, Elena"]
[Black "Cadieu, Corentin"]
[Result "1-0"]
[WhiteTitle "WGM"]
[WhiteElo "2079"]
[BlackElo "1524"]
[WhiteFideId "13901001"]
[BlackFideId "26023180"]
[EventDate "2020.05.16"]

1. e4 e6 2. d4 d5 3. Nd2 c5 4. Ngf3 Nc6 5. exd5 exd5 6. Bb5 Bd6 7. O-O Ne7 8.
dxc5 Bxc5 9. Nb3 Bd6 10. c3 a6 11. Bd3 Bg4 12. Re1 O-O 13. Bxh7+ Kh8 14. Bd3 Ng6
15. h3 Bxf3 16. Qxf3 Nge5 17. Qh5+ 1-0

[Event "ch-FRA Blitz Online Qual"]
[Site "Europe-Chess INT"]
[Date "2020.05.16"]
[Round "11"]
[White "Roux, Baptiste"]
[Black "Oumer, Walid"]
[Result "0-1"]
[WhiteElo "2145"]
[BlackElo "1365"]
[WhiteFideId "36017450"]
[BlackFideId "551016630"]
[EventDate "2020.05.16"]

1. e4 c5 2. Nf3 d6 3. c3 Nc6 4. h3 Nf6 5. d4 cxd4 6. cxd4 e6 7. Nc3 Be7 8. Be3
O-O 9. Be2 a6 10. O-O b5 11. Rc1 Bb7 12. a3 d5 13. e5 Nd7 14. b4 Nb6 15. Bd3 Nc4
16. Bxc4 bxc4 17. Qc2 Rb8 18. Ra1 h6 19. Rfb1 f6 20. Qg6 Qe8 21. Qxe8 Rfxe8 22.
b5 axb5 23. Rxb5 fxe5 24. Nxe5 Nxe5 25. dxe5 Bc6 26. Rxb8 Rxb8 27. a4 Ra8 28.
Bd4 Bb4 29. Nb5 Bxb5 30. axb5 Rxa1+ 31. Bxa1 Bc5 32. Kf1 Kf8 33. Ke2 Ke7 34. f4
d4 35. g4 g6 36. Kf3 Kd7 37. Ke4 c3 38. Kd3 Kc7 39. Kc4 Kb6 40. h4 h5 41. gxh5
gxh5 42. f5 exf5 43. e6 f4 44. e7 Bxe7 45. Kxd4 c2 46. Bb2 Bf6+ 47. Kd3 Bxb2 48.
Kxc2 Be5 49. Kd3 Kxb5 50. Ke4 Bb8 51. Kf5 Kc4 52. Kg6 Kd3 53. Kxh5 f3 54. Kg6 f2
55. h5 f1=Q 56. h6 Be5 57. h7 Ba1 58. Kh6 Qf6+ 59. Kh5 Ke4 60. Kg4 Qg7+ 61. Kh5
Qxh7+ 62. Kg5 Qf5+ 63. Kh6 Qf4+ 64. Kg6 Bd4 65. Kh5 Be5 66. Kg6 Qf5+ 67. Kh6
Bf4+ 68. Kg7 Ke5 69. Kh8 Ke6 70. Kg8 Qf7+ 71. Kh8 Be5# 0-1

[Event "ch-FRA Blitz Online Qual"]
[Site "Europe-Chess INT"]
[Date "2020.05.16"]
[Round "11"]
[White "Khachatryan, Samvel S."]
[Black "Martin, Nils"]
[Result "1-0"]
[WhiteElo "2179"]
[BlackElo "1639"]
[WhiteFideId "13309048"]
[BlackFideId "45160473"]
[EventDate "2020.05.16"]

1. e4 e5 2. Nf3 Nc6 3. Bc4 Bc5 4. c3 Nf6 5. d4 exd4 6. O-O dxc3 7. e5 cxb2 8.
Bxb2 Ng8 9. Bxf7+ Kxf7 10. Qd5+ Kf8 11. Qxc5+ Nge7 12. Rd1 h6 13. Nh4 Kg8 14.
Qc4+ Kh7 15. Qd3+ g6 16. e6 Rg8 17. exd7 Nb4 18. Qd4 Nec6 19. Qc4 Qe7 20. dxc8=Q
Raxc8 21. Nc3 a6 22. Nd5 Qf7 23. Ne3 Qe7 24. Nf3 b5 25. Qh4 Qc5 26. Rd5 Qb6 27.
Ng5# 1-0

[Event "ch-FRA Blitz Online Qual"]
[Site "Europe-Chess INT"]
[Date "2020.05.16"]
[Round "11"]
[White "Ernst, Luca"]
[Black "Casas, Alexandre"]
[Result "0-1"]
[WhiteElo "1660"]
[BlackElo "1933"]
[WhiteFideId "45117055"]
[BlackFideId "45173451"]
[EventDate "2020.05.16"]

1. e4 c5 2. Nf3 d6 3. d4 cxd4 4. Nxd4 Nf6 5. Nc3 a6 6. Be2 e5 7. Nb3 Be7 8. Be3
O-O 9. O-O Be6 10. Qd3 Nbd7 11. Nd5 Bxd5 12. exd5 b5 13. f4 Rc8 14. c3 Qc7 15.
Rad1 Rfe8 16. fxe5 Nxe5 17. Qd2 Bf8 18. Nd4 Nc4 19. Bxc4 Qxc4 20. Nf5 Re5 21.
Bd4 Rxd5 22. b3 Qc6 23. Qg5 Rxd4 24. Rxd4 Kh8 25. Rh4 Qxc3 26. Nxd6 Bxd6 27.
Rhf4 Qe3+ 28. R4f2 Qxg5 0-1

[Event "ch-FRA Blitz Online Qual"]
[Site "Europe-Chess INT"]
[Date "2020.05.16"]
[Round "11"]
[White "Cavailles, Evan"]
[Black "Boumrar, Ayrad"]
[Result "1-0"]
[WhiteElo "2018"]
[BlackElo "1431"]
[WhiteFideId "36048445"]
[BlackFideId "45182310"]
[EventDate "2020.05.16"]

1. e4 c5 2. Nf3 Nc6 3. d4 cxd4 4. Nxd4 g6 5. Nc3 Bg7 6. Be3 Nf6 7. Bc4 Qa5 8.
O-O O-O 9. h3 d6 10. Bb3 Bd7 11. Re1 Rac8 12. Nd5 Nxd5 13. exd5 Nxd4 14. Bxd4
Bxd4 15. Qxd4 Bf5 16. c3 Qc7 17. Qxa7 Rfe8 18. Qd4 e5 19. dxe6 Bxe6 20. Bxe6
Rxe6 21. Rxe6 fxe6 22. Qe4 Qe7 23. Re1 Re8 24. c4 b6 25. Qc6 Rb8 26. Rd1 Rd8 27.
Qxb6 d5 28. cxd5 Rxd5 29. Re1 e5 30. Qb3 Qf7 31. Qb8+ Kg7 32. Rc1 Kh6 33. a4 Rd2
34. Rf1 e4 35. Qb4 Qd5 36. Qf8+ Kh5 37. Qf4 g5 38. Qg4+ Kh6 39. Re1 Rxb2 40.
Qxe4 Qc5 41. Qe6+ Kh5 42. Qf7+ Kh4 43. Qxh7# 1-0

[Event "ch-FRA Blitz Online Qual"]
[Site "Europe-Chess INT"]
[Date "2020.05.16"]
[Round "11"]
[White "Nineuil, Vincent"]
[Black "Minde, Timothe"]
[Result "1-0"]
[WhiteElo "1920"]
[BlackElo "1075"]
[WhiteFideId "688380"]
[BlackFideId "551015579"]
[EventDate "2020.05.16"]

1. e4 e6 2. d4 d5 3. Nc3 Bb4 4. e5 c5 5. a3 Ba5 6. Nf3 Nc6 7. Be3 Qb6 8. Rb1
cxd4 9. Nxd4 Nxe5 10. b4 Bxb4 11. axb4 Ne7 12. Bb5+ Bd7 13. Bxd7+ Nxd7 14. Ndb5
Qc6 15. O-O a6 16. Qe2 axb5 17. Nxb5 O-O 18. Nd4 Qc7 19. Qg4 Ng6 20. f4 Nf6 21.
Qf3 Rfc8 22. g4 Qe7 23. g5 Ne4 24. Qg4 f6 25. h4 fxg5 26. fxg5 Re8 27. Nf3 Rac8
28. h5 Nf8 29. Rbc1 Nd6 30. Ne5 Nd7 31. Nd3 e5 32. Rf2 d4 33. Bd2 Nc4 34. Re1
Nxd2 35. Rxd2 Rcd8 36. Rde2 Qd6 37. Qe4 Re6 38. Nf4 Re7 39. Nd5 Re6 40. c4 dxc3
41. Nxc3 Qb6+ 42. Re3 Rde8 43. Nd5 Qc6 44. g6 hxg6 45. hxg6 Nf6 46. Nxf6+ Rxf6
47. Qxc6 Rxc6 48. Rxe5 Rxe5 49. Rxe5 Kf8 50. Rd5 Ke7 51. Rb5 Rc7 52. Rb6 Kd7 53.
Kf2 Rc6 54. Rxb7+ Rc7 55. Rxc7+ Kxc7 56. Ke3 Kb6 57. Kd4 Kb5 58. Kc3 Kb6 59. Kc4
Kc6 60. b5+ Kb6 61. Kb4 Kb7 62. Kc5 Kc7 63. Kd5 Kd7 64. b6 Ke8 65. b7 Ke7 66.
b8=Q Kf6 67. Qd6+ Kg5 68. Ke4 Kh6 69. Kf5 Kh5 70. Qh2# 1-0

[Event "ch-FRA Blitz Online Qual"]
[Site "Europe-Chess INT"]
[Date "2020.05.16"]
[Round "11"]
[White "Emmenecker, Pierre-Antoine"]
[Black "Flores, Victor"]
[Result "1-0"]
[WhiteElo "2172"]
[BlackElo "1741"]
[WhiteFideId "36031321"]
[BlackFideId "45133492"]
[EventDate "2020.05.16"]

1. d4 Nf6 2. Nf3 g6 3. e3 Bg7 4. Be2 O-O 5. O-O d6 6. b3 c5 7. Bb2 cxd4 8. exd4
Nc6 9. d5 Nb8 10. c4 Nbd7 11. Nc3 a5 12. Re1 Nc5 13. Nb5 Bd7 14. a4 Qb6 15. Bd4
Rfc8 16. Bxc5 Rxc5 17. Nfd4 Ne4 18. Bf1 Bxb5 19. Rxe4 Be8 20. Qc2 Rc7 21. Rd1
Rac8 22. Nf3 Bd7 23. Bd3 Bf5 24. Re2 Bg4 25. Rde1 Bxf3 26. gxf3 Bf6 27. Re4 Qc5
28. f4 Qb4 29. Qd1 Qc3 30. f5 g5 31. R4e3 Qd4 32. Rh3 Rc5 33. Qh5 R5c7 34. Qxh7+
Kf8 35. Qh5 Ke8 36. Qe2 Kd7 37. Re3 Re8 38. Re4 Qc3 39. c5 Rxc5 40. Bb5+ Rxb5
41. Qxb5+ Kd8 42. Qxb7 Qc7 43. Qxc7+ Kxc7 44. Rc4+ Kd7 45. Rec1 Rb8 46. Rc7+ Kd8
47. Ra7 Rxb3 48. Ra8+ Kd7 49. Ra7+ Kd8 50. Rxa5 Rb8 51. Rb5 Ra8 52. a5 Bd4 53.
Rc4 Be5 54. Ra4 Kd7 55. a6 Rh8 56. a7 Bxh2+ 57. Kf1 Be5 58. a8=Q Rh1+ 59. Ke2
Rc1 60. Rb7+ Rc7 61. Rxc7+ Kxc7 62. Qc6+ Kb8 63. Ra8# 1-0

[Event "ch-FRA Blitz Online Qual"]
[Site "Europe-Chess INT"]
[Date "2020.05.16"]
[Round "11"]
[White "Randrianarimanana, Alicia"]
[Black "Alvin, Leo"]
[Result "0-1"]
[WhiteElo "1971"]
[BlackElo "2025"]
[WhiteFideId "36034738"]
[BlackFideId "695645"]
[EventDate "2020.05.16"]

1. d4 d5 2. c4 c6 3. e3 Nf6 4. Nf3 e6 5. b3 Bd6 6. Bb2 O-O 7. Bd3 Nbd7 8. Ne5 g6
9. O-O Qc7 10. f4 Ne8 11. Qg4 Ng7 12. Rf3 f5 13. Qh4 Qd8 14. Qh6 Nf6 15. Rh3
Ngh5 16. Be2 Qe7 17. Nd2 Qg7 18. Qg5 Be7 19. Bxh5 Nxh5 20. Rxh5 Bxg5 21. Rxg5
Bd7 22. Ndf3 Be8 23. h4 Kh8 24. Ba3 Rg8 25. Nd3 b6 26. Bd6 Qd7 27. Be5+ Rg7 28.
h5 Kg8 29. h6 Rf7 30. Bg7 Qc7 31. Nde5 Re7 32. Bf6 c5 33. Bxe7 Qxe7 34. Rf1 cxd4
35. exd4 dxc4 36. Nxc4 Rd8 37. Rd1 Bb5 38. Nfe5 Bxc4 39. bxc4 Qa3 40. Rd2 Qe3+
41. Rf2 Qxd4 42. Nf3 Qd1+ 43. Kh2 Qc1 44. Ne5 Qe3 45. Rf3 Qe4 46. Rgg3 Rd1 47.
Kh3 Qe1 48. Rg5 Qh1+ 49. Kg3 Qe1+ 50. Kh3 Rd2 51. Rgg3 Qe4 52. Re3 Qxf4 53. Rgf3
Qxh6+ 54. Kg3 f4+ 55. Rxf4 Rxg2+ 56. Kxg2 Qxf4 0-1

[Event "ch-FRA Blitz Online Qual"]
[Site "Europe-Chess INT"]
[Date "2020.05.16"]
[Round "11"]
[White "Jouneau, Quentin"]
[Black "Billot, Daniel"]
[Result "1-0"]
[WhiteElo "2018"]
[BlackElo "1679"]
[WhiteFideId "649716"]
[BlackFideId "618004"]
[EventDate "2020.05.16"]

1. e4 d5 2. exd5 Qxd5 3. Nf3 Nf6 4. Be2 c6 5. O-O Bg4 6. h3 Bh5 7. b3 e6 8. c4
Qd8 9. Nc3 Nbd7 10. d4 Be7 11. Bf4 O-O 12. Qd3 Bg6 13. Qe3 Re8 14. Rad1 Qa5 15.
Ne5 Nxe5 16. dxe5 Nh5 17. Bh2 Bb4 18. Ne4 Bxe4 19. Qxe4 f5 20. Qe3 g6 21. Bxh5
gxh5 22. Qg5+ Kh8 23. Rd7 Qxe5 24. Bxe5# 1-0

[Event "ch-FRA Blitz Online Qual"]
[Site "Europe-Chess INT"]
[Date "2020.05.16"]
[Round "11"]
[White "Duvert, Francois"]
[Black "Mezouaghi, Miloud"]
[Result "1-0"]
[WhiteElo "1729"]
[BlackElo "1999"]
[WhiteFideId "36072877"]
[BlackFideId "612634"]
[EventDate "2020.05.16"]

1. d4 Nf6 2. Bf4 d6 3. e3 g6 4. Nc3 Bg7 5. h4 h5 6. Nf3 Nbd7 7. Bd3 c5 8. O-O b6
9. d5 Bb7 10. Re1 a5 11. e4 Ng4 12. Bb5 O-O 13. e5 Ndxe5 14. Nxe5 Nxe5 15. Qd2
Ba6 16. Bxa6 Rxa6 17. Bh6 Qd7 18. Re4 Ng4 19. Bxg7 Kxg7 20. Rae1 Re8 21. a4 Ra7
22. Nb5 Rb7 23. Qc3+ Nf6 24. Rf4 Kg8 25. Rxf6 exf6 26. Rxe8+ Qxe8 27. Nxd6 Qe7
28. Nxb7 Qxb7 29. Qxf6 Qxd5 30. Qxb6 Qd1+ 31. Kh2 Qxc2 32. Qxa5 Qxf2 33. Qd8+
Kg7 34. Qg5 Qxb2 35. Qxc5 Qa3 36. Qxa3 1-0

[Event "ch-FRA Blitz Online Qual"]
[Site "Europe-Chess INT"]
[Date "2020.05.16"]
[Round "11"]
[White "Delabarre, Olivier"]
[Black "Barraud, Mickael"]
[Result "0-1"]
[WhiteElo "1997"]
[BlackElo "1733"]
[WhiteFideId "632481"]
[BlackFideId "696137"]
[EventDate "2020.05.16"]

1. d4 e6 2. c4 d5 3. Nc3 Nf6 4. cxd5 Nxd5 5. e4 Nxc3 6. bxc3 b6 7. a3 Bb7 8. Bd3
c5 9. Nf3 cxd4 10. cxd4 Nc6 11. Be3 Be7 12. O-O O-O 13. Qe2 Rc8 14. Rfc1 Qd7 15.
Bb5 Qd6 16. e5 Qd8 17. Ba6 Bxa6 18. Qxa6 Rc7 19. Rc4 Na5 20. Rxc7 Qxc7 21. Rc1
Qd7 22. Qd3 Rc8 23. Rc3 Rxc3 24. Qxc3 Qc6 25. Qxc6 Nxc6 26. Bc1 f6 27. exf6 gxf6
28. Kf1 Kf7 29. Ke2 Na5 30. Kd3 b5 31. Nd2 a6 32. Kc3 Bd6 33. Ne4 Bc7 34. Nc5 e5
35. Nxa6 exd4+ 36. Kxd4 Be5+ 37. Kd3 Nc6 38. Nb4 Nxb4+ 39. axb4 Ke6 40. Be3 Kd5
41. g3 Bd6 42. f4 f5 43. h4 h5 44. Bd4 Bxb4 45. Bf6 Be1 46. Bg5 Bxg3 0-1

[Event "ch-FRA Blitz Online Qual"]
[Site "Europe-Chess INT"]
[Date "2020.05.16"]
[Round "11"]
[White "Frazao, Thomas"]
[Black "Lardon, Quentin"]
[Result "1-0"]
[WhiteElo "1719"]
[BlackElo "2013"]
[WhiteFideId "36083704"]
[BlackFideId "36050407"]
[EventDate "2020.05.16"]

1. e4 c5 2. c3 Nc6 3. d4 cxd4 4. cxd4 g6 5. d5 Nb8 6. Nf3 Bg7 7. Bd3 d6 8. Nc3
Nf6 9. O-O O-O 10. Be3 a6 11. Qd2 Nbd7 12. h3 Nc5 13. Bxc5 dxc5 14. Rfe1 b5 15.
b3 Bb7 16. Rac1 Rc8 17. Ne2 Nd7 18. Qc2 Re8 19. a4 bxa4 20. bxa4 Nb6 21. Qb3 Bh6
22. Rc2 e6 23. Bc4 Nxc4 24. Qxc4 exd5 25. exd5 Bxd5 26. Qxa6 Bxf3 27. gxf3 Qf6
28. Qxf6 Re6 29. Qh4 Bg7 30. Kf1 h6 31. Qc4 Re7 32. Ng3 Rec7 33. Ne4 Bd4 34. Nd2
Rd8 35. Nb3 Bf6 36. Rec1 Rdc8 37. Qa6 Bg5 38. Rd1 c4 39. Nd2 c3 40. Ne4 Be7 41.
Rd3 Bb4 42. Qb5 Rc4 43. Nd6 Bxd6 44. Rxd6 Rf4 45. Rd3 Rfc4 46. a5 R8c5 47. Qe8+
Kg7 48. a6 Ra5 49. Rd6 Ra1+ 50. Kg2 Rc7 51. Rd7 Rxd7 52. Qxd7 Rxa6 53. Rxc3 Rf6
54. Qd4 g5 55. Rc6 Kh7 56. Qxf6 h5 57. Qxf7+ Kh8 58. Rc8# 1-0

[Event "ch-FRA Blitz Online Qual"]
[Site "Europe-Chess INT"]
[Date "2020.05.16"]
[Round "11"]
[White "Garde, Guillaume"]
[Black "Baroyan, Davit"]
[Result "0-1"]
[WhiteElo "1716"]
[BlackElo "2218"]
[WhiteFideId "45138273"]
[BlackFideId "26033607"]
[EventDate "2020.05.16"]

1. e4 c5 2. Nc3 d6 3. d4 cxd4 4. Qxd4 Nf6 5. b3 Nc6 6. Qd2 g6 7. Bb2 h5 8. O-O-O
Bh6 9. f4 e5 10. g3 Bg4 11. Be2 Nd4 12. Bxg4 hxg4 13. Kb1 Rc8 14. Qd3 Nd7 15.
fxe5 dxe5 16. Nd5 Nc5 17. Qf1 Nxe4 18. Bxd4 exd4 19. Rxd4 Nc3+ 20. Nxc3 Qxd4 21.
Qb5+ Rc6 22. Nge2 Qc5 23. Qd3 O-O 24. Rf1 Bg7 25. Ne4 Qe5 26. c3 Re8 27. Rf4 f5
28. Nd4 fxe4 29. Nxc6 exd3 30. Nxe5 Bxe5 31. Rxg4 Bxc3 32. Rxg6+ Kf7 33. Rd6
Re1# 0-1

[Event "ch-FRA Blitz Online Qual"]
[Site "Europe-Chess INT"]
[Date "2020.05.16"]
[Round "11"]
[White "Villevieille, Lucas"]
[Black "Ritzenthaler, Stephane"]
[Result "1-0"]
[WhiteElo "1713"]
[BlackElo "1988"]
[WhiteFideId "36022349"]
[BlackFideId "638080"]
[EventDate "2020.05.16"]

1. d4 Nf6 2. c4 c5 3. d5 b5 4. cxb5 a6 5. b6 d6 6. Nc3 Nbd7 7. e4 Nxb6 8. Nf3 g6
9. Bd3 Bg7 10. Nd2 O-O 11. Nc4 Nxc4 12. Bxc4 Nd7 13. O-O Ne5 14. Be2 a5 15. f4
Nd7 16. Bb5 Ba6 17. Bxa6 Rxa6 18. Qd3 Qb6 19. Kh1 Rb8 20. b3 Ra7 21. Bb2 Qb4 22.
Na4 Bxb2 23. Nxb2 Nf6 24. e5 dxe5 25. fxe5 Nd7 26. Nc4 Qb5 27. Qf3 Rf8 28. Rf2
a4 29. Raf1 axb3 30. axb3 f6 31. e6 Nb6 32. Nxb6 Qxb6 33. Qc3 Qd6 34. Qc4 Rd8
35. Rd2 Qb6 36. Rc1 Ra5 37. Rdc2 Rda8 38. h3 Qd6 39. Qd3 Ra1 40. Qd2 Qe5 41.
Rxc5 R8a2 42. Rc2 Rxc2 43. Qxc2 Rxc1+ 44. Qxc1 Qxd5 45. Qc8+ Kg7 46. Qd7 Qc5 47.
Qd3 f5 48. Qd1 Qb5 49. Qa1+ Kh6 50. Qc3 Qb6 51. Qd2+ Kg7 52. Qc3+ Kh6 53. Qd2+
Kg7 54. Qg5 Qb4 55. Qe3 Qa3 56. Qe5+ Kh6 57. Qf4+ Kg7 58. Qd4+ Kh6 59. Qd2+ Kg7
60. Qd7 Qb4 61. Qd3 Qe1+ 62. Kh2 Qxe6 63. Qd4+ Kf7 64. b4 Qc6 65. Qd2 Qc7+ 66.
Kg1 Qb6+ 67. Kh1 Kf6 68. Qc3+ Ke6 69. Qc4+ Kd6 70. Qd3+ Kc6 71. Qf3+ Kb5 72. Qf4
Ka4 73. Qe5 Qxb4 74. Qg7 Qe1+ 75. Kh2 f4 76. Qxh7 Qg3+ 77. Kg1 Kb4 78. Qxe7+ Kc4
79. Qc7+ Kd3 80. Qd6+ Ke4 81. Qe6+ Kd3 82. Qd5+ Ke2 83. Qc4+ Qd3 84. Qxd3+ Kxd3
85. Kf2 g5 86. Kf3 Kd4 87. Kg4 Ke3 88. Kxg5 f3 89. gxf3 Kxf3 90. h4 Ke4 91. h5
Ke5 92. h6 Ke6 93. Kg6 Ke7 94. Kg7 Ke6 95. h7 1-0